| 000 | 00547nam a2200181Ia 4500 | ||
|---|---|---|---|
| 999 |
_c33737 _d33737 |
||
| 003 | OSt | ||
| 005 | 20200917100643.0 | ||
| 008 | 190216s9999||||xx |||||||||||||| ||und|| | ||
| 020 | _a0074603396 | ||
| 040 | _coclc | ||
| 082 |
_a621.38212 _bSIN/C |
||
| 100 |
_aSingh, R P _94649 |
||
| 245 | 0 |
_aCommunication Systems: _bAnalog and Digital / _cR P Singh ; S D Sapre |
|
| 260 |
_bTata Mcgrawhill Publishers, _c2002. _aNew Delhi: |
||
| 300 | _a592p | ||
| 650 | _aPhysics | ||
| 942 |
_cBK _2ddc _h621.38212 _iSIN/C _k621.38212 _mSIN/C |
||